Представление документа в формате RUSMARC

ПолеНазваниеЗначение
  Тип записи a
  Библиографический уровень m
001 Контрольный номер LIBNET\0000978936
005 Дата корректировки 20260407121415.1
010 Индекс ISBN __
a ISBN 978-5-17-109149-1
d Цена 330-22
100 Данные общей обработки __
a Данные общей обработки 20190402d2019####u##y0rusa0189 ca
101 Язык документа 1_
a Язык текста rus
c Язык оригинала eng
102 Страна публикации __
a Страна публикации RU
200 Заглавие и сведения об ответственности 1_
a Заглавие Холодная кровь
e Сведения, относящиеся к заглавию [роман]
f Первые сведения об ответственности Роберт Брындза
g Последующие сведения об ответственности [пер. с англ. И. Новоселецкой]
210 Выходные данные 1_
a Место издания Москва
c Издательство АСТ
d Дата издания 2019
215 Физическое описание __
a Объем 414, [1] с.
225 Серия (Журнальная рубрика) 1_
a Серия (Журнальная рубрика) Новый мировой триллер
300 Общие примечания __
a Общие примечания На обл.: От автора бестселлера "Девушка во льду"
320 Библиография __
a Библиография Др. кн. авт.: с. 2
333 Примечание о целевом назначении __
a Примечание о целевом назначении 18+
606 Тематические рубрики __
a Основная рубрика Художественная литература
606 Тематические рубрики __
a Основная рубрика Литература Европы (произведения)
610 Ключевые слова 0_
a Ключевые слова английская литература
a Ключевые слова романы
686 Индексы других классификаций __
a Индекс ББК 84(4Вел)6-4
2 Код системы rubbk
700 Автор _1
a Фамилия Брындза
b Имя Р.
f Даты 1979-
g Полное личное имя Роберт
702 Вторичная интеллектуальная ответственность _1
a Фамилия Новоселецкая
b Имя И.
g Полное личное имя Ирина
4 Код отношения 730
801 Источник записи _0
a Страна RU
b Организация Сахалинская ОУНБ
c Дата составления 20190402
g Правила каталогизации rcr
801 Источник записи _1
a Страна RU
b Организация Сахалинская ОУНБ
c Дата составления 20190402
2 Код формата rusmarc
801 Источник записи _1
a Страна RU
b Организация Центральная районная библиотека им. Г. А. Пирожникова
852 Данные о местонахождении __
j Шифр хранения 84(4Вел)6
i Авторский знак Б 896
901 Тип документа __
t Тип документа m
902 Роль лиц __
b Редактор БЗ ОКиО/Шумских
996 Издания ограниченного доступа __
a Обозначение документа (признак издания) Наркотические средства
b Текстовое указание [!НСПВ] Незаконное потребление наркотических средств, психотропных веществ, их аналогов причиняет вред здоровью, их незаконный оборот запрещен и влечет установленную законодательством ответственность